000 00272nam a2200133Ia 4500
100 _aNandini K Jog
942 _cBK
654 _alogic
245 _aLogic circuits
260 _bSuneeti Jog
_aPune
_c1995
082 _a621.395
_bPAN
300 _a413
546 _aENGLISH
999 _c23725
_d23725